| 000 | 00578nam a22001817a 4500 | ||
|---|---|---|---|
| 999 |
_c176919 _d176919 |
||
| 005 | 20210202155343.0 | ||
| 010 | _aENG-128918 | ||
| 020 |
_c895.00 _a978-8-178-24530-0 |
||
| 035 | _aEN-112450 | ||
| 037 | _bDBAD/PUB | ||
| 082 | _a954.96 | ||
| 100 | _aSingh, Chetan | ||
| 245 |
_aHimalyan Histories: Economy, Polity, Religious Traditions/ _bChetan Singh |
||
| 260 |
_aRanikhet _bPermanent Black _c2018 |
||
| 270 |
_bRanikhet _e263645 _aHimalyan Mall Road, Ranikhet Cantt, _mperblack@gmail.com |
||
| 300 |
_a303p. _c22cm(hbk) |
||
| 942 |
_2ddc _cEN _h954.96 _mSIN |
||